The historical supernovae (Record no. 5589)

MARC details
000 -LEADER
fixed length control field 00613nam a2200205Ia 4500
003 - CONTROL NUMBER IDENTIFIER
control field IN-BaIIA
008 - FIXED-LENGTH DATA ELEMENTS--GENERAL INFORMATION
fixed length control field 211028s9999 xx 000 0 eng d
020 ## - INTERNATIONAL STANDARD BOOK NUMBER
International Standard Book Number 0-08-020914-9
040 ## - CATALOGING SOURCE
Transcribing agency IIA Library
080 ## - UNIVERSAL DECIMAL CLASSIFICATION NUMBER
Universal Decimal Classification number 524.352(091)
Item number CLA
100 ## - MAIN ENTRY--PERSONAL NAME
Personal name Clark, David H
9 (RLIN) 9705
245 #4 - TITLE STATEMENT
Title The historical supernovae
Statement of responsibility, etc. David H. Clark and F. Richard Stephenson.
260 ## - PUBLICATION, DISTRIBUTION, ETC.
Place of publication, distribution, etc. Oxford
Name of publisher, distributor, etc. Pergamon Press
Date of publication, distribution, etc. 1977
300 ## - PHYSICAL DESCRIPTION
Extent x, 233p.
650 ## - SUBJECT ADDED ENTRY--TOPICAL TERM
Topical term or geographic name entry element Astronomy and astrophysics thesaurus
650 ## - SUBJECT ADDED ENTRY--TOPICAL TERM
Topical term or geographic name entry element History - supernovae
9 (RLIN) 9706
650 ## - SUBJECT ADDED ENTRY--TOPICAL TERM
Topical term or geographic name entry element Supernovae - history
9 (RLIN) 9707
700 ## - ADDED ENTRY--PERSONAL NAME
Personal name Stephenson, F Richard
9 (RLIN) 9708
942 ## - ADDED ENTRY ELEMENTS (KOHA)
Koha item type Books
Holdings
Withdrawn status Lost status Damaged status Not for loan Home library Current library Shelving location Date acquired Total Checkouts Full call number Barcode Date last seen Price effective from Koha item type
        IIA Library-Bangalore IIA Library-Bangalore General Stacks 01/10/1977   524.352(091)/ CLA 6257 05/11/2021 01/10/1977 Books

Powered by Koha